Southville International School and Colleges
Your cart is empty.
  • Cart
  • Lists
    Public lists Eva Luna New books Lux_list list_1
    Your lists Log in to create your own lists
  • Log in to your account
  • Your cookies
  • Search history
Southville International School and Colleges
  • Advanced search
  • Recent comments
  • Most popular
  • Libraries

Log in to your account

Log in with GOOGLE


If you do not have an external account, but do have a local account, you can still log in:

  1. Home
  2. MARC view: The totem /
Normal view MARC view ISBD view

The totem / (Record no. 11694)

[ view plain ]
MARC details
000 -LEADER
fixed length control field 00901cam a22003013a 4500
001 - CONTROL NUMBER
control field 16408264
003 - CONTROL NUMBER IDENTIFIER
control field LC
005 - DATE AND TIME OF LATEST TRANSACTION
control field 20160229142327.0
008 - FIXED-LENGTH DATA ELEMENTS--GENERAL INFORMATION
fixed length control field 950605s1995 nyu 000 1 eng d
010 ## - LIBRARY OF CONGRESS CONTROL NUMBER
LC control number 97813582
020 ## - INTERNATIONAL STANDARD BOOK NUMBER
International Standard Book Number 0446364460 (pbk.) :
Terms of availability $6.50
035 ## - SYSTEM CONTROL NUMBER
System control number (OCoLC)ocm32594790
040 ## - CATALOGING SOURCE
Original cataloging agency SVP
Transcribing agency SVP
Modifying agency SLC
-- OCL
-- OCLCQ
-- DLC
050 ## - LIBRARY OF CONGRESS CALL NUMBER
Classification number PR 9199.3
Item number .M873 1995
082 ## - DEWEY DECIMAL CLASSIFICATION NUMBER
Classification number FIC
Item number M83t 1995
100 1# - MAIN ENTRY--PERSONAL NAME
Personal name Morrell, David.
9 (RLIN) 20122
245 14 - TITLE STATEMENT
Title The totem /
Statement of responsibility, etc David Morrell.
250 ## - EDITION STATEMENT
Edition statement Warner bks. ed.
260 ## - PUBLICATION, DISTRIBUTION, ETC. (IMPRINT)
Place of publication, distribution, etc New York :
Name of publisher, distributor, etc Warner Books,
Date of publication, distribution, etc c1995.
300 ## - PHYSICAL DESCRIPTION
Extent 365 p. ;
Dimensions 18 cm.
650 ## - SUBJECT ADDED ENTRY--TOPICAL TERM
Topical term or geographic name as entry element Horror
General subdivision Fiction
9 (RLIN) 20946
651 #0 - SUBJECT ADDED ENTRY--GEOGRAPHIC NAME
Geographic name Wyoming
Form subdivision Fiction.
9 (RLIN) 20947
655 #7 - INDEX TERM--GENRE/FORM
Genre/form data or focus term Horror fiction.
Source of term gsafd
9 (RLIN) 3405
710 2# - ADDED ENTRY--CORPORATE NAME
Corporate name or jurisdiction name as entry element Copyright Paperback Collection (Library of Congress)
Institution to which field applies DLC
9 (RLIN) 705
906 ## - LOCAL DATA ELEMENT F, LDF (RLIN)
a 7
b cbc
c copycat
d 2
e ncip
f 19
g y-genrareb
942 ## - ADDED ENTRY ELEMENTS (KOHA)
Source of classification or shelving scheme Library of Congress Classification
Koha item type Books
Holdings
Withdrawn status Lost status Source of classification or shelving scheme Damaged status Home library Current library Shelving location Date acquired Total Checkouts Full call number Barcode Date last seen Copy number Price effective from Koha item type
    Library of Congress Classification   Luxembourg Library Luxembourg Library Fiction Section 09/19/2013   PR 9199.3 .M873 1995 4161 09/19/2013 1 09/19/2013 Books

The totem /

APA

Morrell D., Copyright Paperback Collection (Library of Congress), . (1995). The totem. New York: Warner Books.

Chicago

Morrell David, Copyright Paperback Collection (Library of Congress), . 1995. The totem. New York: Warner Books.

Harvard

Morrell D., Copyright Paperback Collection (Library of Congress), . (1995). The totem. New York: Warner Books.

MLA

Morrell David, Copyright Paperback Collection (Library of Congress), . The totem. New York: Warner Books. 1995.

  • Place hold
  • Print
  • Cite
  • Add to your cart (remove)
  • Save record
    BIBTEX Dublin Core MARCXML MARC (non-Unicode/MARC-8) MARC (Unicode/UTF-8) MARC (Unicode/UTF-8, Standard) MODS (XML) RIS
  • More searches
    Search for this title in:
    Other Libraries (WorldCat) Other Databases (Google Scholar) Online Stores (Bookfinder.com) Open Library (openlibrary.org)

Exporting to Dublin Core...

SOUTHVILLE LIBRARY

Southville International School and Colleges Library

1281 Tropical Ave. Cor. Luxembourg St., BF Homes International, Las Pinas City

Tel. No. 8256374 / 252358 Loc. 117/146

Powered by Koha